<?xml version="1.0" encoding="UTF-8"?>
<record
    xmlns:xsi="http://www.w3.org/2001/XMLSchema-instance"
    xsi:schemaLocation="http://www.loc.gov/MARC21/slim http://www.loc.gov/standards/marcxml/schema/MARC21slim.xsd"
    xmlns="http://www.loc.gov/MARC21/slim">

  <leader>05188nab a2200301 i 4500</leader>
  <controlfield tag="003">BR-BrBNA</controlfield>
  <controlfield tag="005">20240325152714.0</controlfield>
  <controlfield tag="008">240325b2012    bl.qr|pooa||| 00| 0 eng |</controlfield>
  <datafield tag="040" ind1=" " ind2=" ">
    <subfield code="a">BR-BrBNA</subfield>
    <subfield code="b">eng</subfield>
  </datafield>
  <datafield tag="072" ind1=" " ind2=" ">
    <subfield code="a">C30</subfield>
  </datafield>
  <datafield tag="100" ind1=" " ind2=" ">
    <subfield code="a">Freires, I.A.</subfield>
  </datafield>
  <datafield tag="100" ind1=" " ind2=" ">
    <subfield code="a">Silva, I.C.G.</subfield>
  </datafield>
  <datafield tag="100" ind1=" " ind2=" ">
    <subfield code="a">Alves, L.A.</subfield>
  </datafield>
  <datafield tag="100" ind1=" " ind2=" ">
    <subfield code="a">Bezerra, L.M.D.</subfield>
  </datafield>
  <datafield tag="100" ind1=" " ind2=" ">
    <subfield code="a">Castro, R.D.</subfield>
  </datafield>
  <datafield tag="245" ind1=" " ind2=" ">
    <subfield code="a">Clinical applicability of natural product(s)-containing mouthwashes as adjunctive treatment of biofilm-induced gingivitis: a systematic review</subfield>
  </datafield>
  <datafield tag="500" ind1=" " ind2=" ">
    <subfield code="a">Publica&#xE7;&#xE3;o on-line; Bibliography p. 710-711 (55 ref.); 4 tables; 1 illus.; Summaries (En, Pt)</subfield>
  </datafield>
  <datafield tag="520" ind1=" " ind2=" ">
    <subfield code="a">
RESUMO: 

Aplicabilidade cl&#xED;nica de colut&#xF3;rios &#xE0; base de produtos naturais como
tratamento adjuvante da gengivite induzida por biofilme: uma revis&#xE3;o sistem&#xE1;tica. Os
produtos naturais t&#xEA;m surgido como alternativa eficaz e de baixo custo para o tratamento de
v&#xE1;rias doen&#xE7;as da cavidade oral. Objetivou-se avaliar, a partir de revis&#xE3;o sistem&#xE1;tica da literatura,
se h&#xE1; evid&#xEA;ncias cient&#xED;ficas garantindo a utiliza&#xE7;&#xE3;o segura e eficaz de antiss&#xE9;pticos bucais
contendo produto(s) natural(is) como tratamento adjuvante da gengivite induzida por biofilme.
Foram realizadas buscas nas bases de dados Medline, SciELO, LILACS e Cochrane Library,
atrav&#xE9;s de combina&#xE7;&#xF5;es usando as palavras-chave gengivite/produtos naturais/ fitoter&#xE1;picos/
bochechos, em Ingl&#xEA;s, Portugu&#xEA;s e Espanhol. Consideraram-se os estudos publicados at&#xE9;
setembro de 2010. Quatro examinadores analisaram separadamente: desenho e fase do estudo,
qualidade metodol&#xF3;gica (escala de Jadad - EJ), produto experimental e a concentra&#xE7;&#xE3;o, intervalo
de administra&#xE7;&#xE3;o e tempo de uso, bem como a an&#xE1;lise estat&#xED;stica empregada e os resultados
cl&#xED;nicos de interesse. Foram encontrados 503 artigos dos quais 08 foram inclu&#xED;dos na revis&#xE3;o
final como sendo ensaios cl&#xED;nicos fase II, controlados, randomizados e cegos, marcando 4 (25%)
e 5 (75%) na EJ. Os principais produtos naturais avaliados foram Azadirachta indica, Garcinia
mangostana, Lippia sidoides, Salvadora persica e Sesamum indicum, cuja concentra&#xE7;&#xE3;o, intervalo
de administra&#xE7;&#xE3;o, tempo de uso, e efeitos adversos, variaram de acordo com cada estudo. &#xCD;ndice
de placa e &#xCD;ndice Gengival foram os mais utilizados, bem como &#xF061;=5% e testes t-pareado, tStudent, 
Wilcoxon e Mann-Whitney. 62,5% e 50% dos produtos reduziram significativamente a
presen&#xE7;a de bioflme supragengival e gengivite, respectivamente. Os colut&#xF3;rios contendo o &#xF3;leo
essencial das folhas de L. sidoides (1%) e o extrato das folhas de A. indica (25%) podem ser
indicados como tratamento adjuvante da gengivite induzida por biofilme.

Palavras-chave: produtos naturais, gengivite, biofilmes, ensaios cl&#xED;nicos, enxaguat&#xF3;rio bucal</subfield>
  </datafield>
  <datafield tag="520" ind1=" " ind2=" ">
    <subfield code="a">
ABSTRACT:

Natural products have emerged as an effective and low-cost alternative for treating
various diseases of the oral cavity. This study aimed to evaluate, through a systematic literature
review, if there is scientific evidence ensuring the safe and effective use of natural product(s)-
containing mouthwashes as adjunctive treatment of biofilm-induced gingivitis. Searches were
conducted in the databases Medline, SciELO, LILACS and Cochrane Library, by using combinations
of the key words gingivitis/natural products/phytotherapy/mouthwash, in English, Portuguese and
Spanish. Studies published until September 2010 were considered. Four examiners analyzed
independently: study design and phase, methodological quality (Jadad scale - JE), experimental
product and its concentration, dosing interval and time of usage, as well as employed statistical
analysis and clinical outcome of interest. From the 503 articles found, 08 were included in the final
review as phase II, controlled, randomized and blind clinical trials, scoring 4 (25%) and 5 (75%) in JE.
The main natural products assessed were: Azadirachta indica, Garcinia mangostana, Lippia sidoides,
Salvadora persica and Sesamum indicum whose concentration, dosing interval, time of usage and
adverse effects varied according to each study. The Plaque and Gingival Index were most employed,
as well as &#xF061; = 5% and paired t, Student&#x2019;s t, Wilcoxon and Mann-Whitney tests. A total of 62.5% and
50% of the products significantly reduced supragingival biofilm and gingivitis, respectively. Mouthwashes
containing the essential oil from the leaves of L. sidoides (1%) and the extract from the leaves of A.
indica (25%) can be indicated as adjunctive treatment of biofilm-induced gingivitis.

Key words: natural products, gingivitis, biofilms, clinical trials, mouthrinse</subfield>
  </datafield>
  <datafield tag="650" ind1=" " ind2=" ">
    <subfield code="a">BIOFILME</subfield>
  </datafield>
  <datafield tag="650" ind1=" " ind2=" ">
    <subfield code="a">SA&#xDA;DE</subfield>
  </datafield>
  <datafield tag="650" ind1=" " ind2=" ">
    <subfield code="a">TRATAMENTO</subfield>
  </datafield>
  <datafield tag="650" ind1=" " ind2=" ">
    <subfield code="a">APARELHO DIGESTIVO</subfield>
  </datafield>
  <datafield tag="773" ind1="0" ind2=" ">
    <subfield code="0">3543</subfield>
    <subfield code="9">313930</subfield>
    <subfield code="d">Botucatu-SP Instituto de Bioci&#xEA;ncias - Departamento de Qu&#xED;mica e Bioqu&#xED;mica 1998</subfield>
    <subfield code="o">2024-0201</subfield>
    <subfield code="t">Revista Brasileira de Plantas Medicinais (Brazil)</subfield>
    <subfield code="x">1516-0572</subfield>
    <subfield code="g">v. 14(4) p. 700-711; (2012)</subfield>
    <subfield code="w">BR2024000391</subfield>
  </datafield>
  <datafield tag="856" ind1=" " ind2=" ">
    <subfield code="u">https://www.scielo.br/j/rbpm/a/DN8Gv5LDrZ88N5NwYXnGdGr/?format=pdf&amp;lang=en</subfield>
  </datafield>
  <datafield tag="942" ind1=" " ind2=" ">
    <subfield code="c">Anal&#xED;tica</subfield>
  </datafield>
  <datafield tag="999" ind1=" " ind2=" ">
    <subfield code="c">298923</subfield>
    <subfield code="d">298923</subfield>
  </datafield>
</record>
